Normale Ansicht MARC-Ansicht ISBD

Europe and the historical legacies in the Balkans (Titelsatznr. 17317)

[ MARC ]
MARC-Details
000 -Satzkennung
Kontrollfeld mit fester Länge 00833nam a22002771c 4500
001 - Kontrollnummer
Kontrollfeld ht015527314
008 - Feld mit fester Länge zur physischen Beschreibung - Allgemeine Angaben
Kontrollfeld mit fester Länge 080821s2008 gw a||| 000u eng d
020 ## - Internationale Standardbuchnummer
Internationale Standardbuchnummer 9789052013
Verknüpfung 978-90-5201-3
041 ## - Sprachcode
Sprachcode des Textes/der Tonspur oder des separaten Titels eng
040 ## - Katalogisierungsquelle
Übertragungsstelle RU-10907106
003 - Kontrollnummer Identifier
Kontrollfeld RU-10907106
245 00 - Titel
Titel Europe and the historical legacies in the Balkans
264 ## - Produktion, Veröffentlichung, Distribution, Herstellung und Urheberrechtsvermerk
Herstellungs-, Veröffentlichungs- Vertriebs-, Erzeugungsort Bruxelles [u.a.] :
Produzent, Herausgeber, Distributor, Hersteller P.I.E. Lang,
Datum der Herstellung, der Veröffentlichung, des Vertriebs oder des Urheberschutzvermerks 2008
300 ## - Physische Beschreibung
Umfang 184 S. : Ill
490 #0 - Gesamttitelangabe
Gesamttitelangabe Multiple Europes
Bandnummer/Folgebezeichnung 40
650 #0 - Nebeneintragung unter einem Schlagwort - Sachschlagwort
Sachschlagwort oder geografischer Name als Eintragungselement Geschichtskultur
650 #0 - Nebeneintragung unter einem Schlagwort - Sachschlagwort
Sachschlagwort oder geografischer Name als Eintragungselement Nationalismus
650 #0 - Nebeneintragung unter einem Schlagwort - Sachschlagwort
Sachschlagwort oder geografischer Name als Eintragungselement Ethnie
651 #0 - Nebeneintragung unter einem Schlagwort - Geografischer Name
Geografischer Name Balkan
651 #0 - Nebeneintragung unter einem Schlagwort - Geografischer Name
Geografischer Name Südosteuropa
655 #0 - Indexierungsterm - Genre/Form
Genre/Form oder fokussierter Term Aufsatzsammlung
700 1# - Nebeneintragung - Personenname
Personenname Detrez, Raymond [Hrsg.]
Funktionsbezeichnung HerausgeberIn
700 1# - Nebeneintragung - Personenname
Personenname Sagaert, Barbara
Funktionsbezeichnung HerausgeberIn
711 2# - Nebeneintragung - Kongressname
Kongress- oder Gebietskörperschaftsname als Eintragungselement Conference "The EU and the Historical Legacies on the Balkans" ; (Antwerp) : 2006.11.06-08
942 ## - Zusätzliche Felder (Koha)
Koha-Medientyp Monographien
Exemplare
Ausgeschieden Verloren Klassifikation oder Aufstellungssystematik Beschädigt Nicht entleihbar Heimatbibliothek Aufenthaltsbibliothek Aufstellungsort Erwerbungsdatum Inventarnummer Signatur Barcode Letzte Aktivität Preis gültig von Koha-Medientyp
    Andere/Generische Klassifikation     MWN Osteuropa MWN Osteuropa Lesesaal - 1 21/08/2008 09-00229 W 66 G u Det E00401506CBF567A 22/02/2021 22/03/2021 Monographien